Analysis of the Financial Health of the Selected Company Through Ratio Indicators

Finančné zdravie ako základ úspechu firmy. Zhodnotenie finančného zdravia vybranej spoločnosti pomocou pomerových ukazovateľov v období rokov 2017-2021 a predpovedanie pomocou úverových a bankrotových modelov, či má spoločnosť očakávať bankrot alebo či je jej finančné zdravie dostatočné a udrží si s...

Ausführliche Beschreibung

Gespeichert in:
Bibliographische Detailangaben
1. Verfasser: Barkóciová, Miroslava, 1996-
Weitere Verfasser: Chrobák, Marián, 1997-
Format: Buchkapitel
Sprache:Englisch
Schlagworte:
Tags: Tag hinzufügen
Keine Tags, Fügen Sie das erste Tag hinzu!

MARC

LEADER 00000naa$a2200000$$$4500
001 0290370
005 20240502074448.8
041 0 |a eng 
044 |a SK 
245 1 0 |a Analysis of the Financial Health of the Selected Company Through Ratio Indicators  |c Miroslava Barkóciová, Marián Chrobák 
520 |a Finančné zdravie ako základ úspechu firmy. Zhodnotenie finančného zdravia vybranej spoločnosti pomocou pomerových ukazovateľov v období rokov 2017-2021 a predpovedanie pomocou úverových a bankrotových modelov, či má spoločnosť očakávať bankrot alebo či je jej finančné zdravie dostatočné a udrží si svoju pozíciu na trhu. 
610 2 0 |a zdravie podniku finančné 
610 2 0 |a ukazovatele pomerové 
610 2 0 |a analýza finančná 
610 2 0 |a konkurencieschopnosť 
610 2 0 |a bankrot 
610 2 0 |a modely 
100 1 |a Barkóciová, Miroslava, 1996- 
700 1 |a Chrobák, Marián, 1997-